00971nam a2200253 a 4500001000800000005001700008008004100025041000800066044000700074050002300081100002500104245011500129260004400244300004900288440013000337500001000467500003100477650002400508650003100532902000800563942001100571999001500582952012000597BRL_49020190320210752.0200813s1964----gw-abo####---#000-0#ger-# ager agw 4aN5305b.K86 7 19641 aJettmar, Karl92408710aDie Frühen SteppenvölkerbDer Eurasiatische Tierstil Entstehung und Sozialer Hintergrundcvon Karl Jetmar. aGermanybHolle-Verlag Baden-Badenc1964 a273 p.bil. (algunas a color), mapasc23 cm. 0aKunst der Welt; ihre geschichtlichen, soziologischen und religiösen GrundlagenpDie aussereuropäischen Kulturenv7924088 aAu512 aBibliografía: p. 248-26114aArte escitas92408914aAnimales en el arte924090 aGRL 2lcccB c9302d9302 00104070aBRLbBRLd2013-08-20iAu512l0oN5305 .K86 7 1964 (Au512)pGRL00539r2019-03-22 00:00:00w2019-03-22yB